• 首页
  • 本馆介绍
  • 公告通知
  • 最新文献
  • 馆藏检索
  • 电子资源
  • 读者导购
  • 参考咨询
  • 我的图书馆
  • 登录
  • 详细信息显示
  • 放入我的书架
  • 预约/预借图书
  • 作者相关作品
  • 分类相关作品
  • 丛书相关作品
  • 出版社相关作品

书目信息

  • 表格格式
  • 工作单格式
  • 卡片格式
题名:
马克思历史决定论内在融贯性研究
    
 
作者: 肖士英 著
分册:  
出版信息: 北京   中国社会科学出版社  2018
页数: 504页
开本: 24cm
丛书名:
单 册:
中图分类: A811.692
科图分类:
主题词: 马克思主义--Ma Ke Si Zhu Yi--史学理论
电子资源:
ISBN: 978-7-5203-3323-8
000 01115cam0 2200277 450
001 012001005947
005 20131014174726.0
010    @a978-7-5203-3323-8@dCNY129.00
099    @aCAL 012018187260
100    @a20181106d2018 ekmy0chiy50 ea
101 0  @achi
102    @aCN@b110000
105    @ay a 000yy
106    @ar
200 1  @a马克思历史决定论内在融贯性研究@AMa Ke Si Li Shi Jue Ding Lun Nei Zai Rong Guan Xing Yan Jiu@d= A study on the inherent consistency of marxundefineds historical determinism@f肖士英著@zeng
210    @a北京@c中国社会科学出版社@d2018
215    @a504页@d24cm
300    @a国家社科基金后期资助项目
320    @a有书目 (499-502页)
330    @a本书深入分析了马克思历史决定论相关的一系列理论问题,系统阐发了马克思历史决定论的基本规定,对决定论本质的阐释有助于丰富历史决定论的研究。
510 1  @aStudy on the inherent consistency of marxundefineds historical determinism@zeng
606 0  @a马克思主义@AMa Ke Si Zhu Yi@x史学理论
690    @aA811.692@v5
701  0 @a肖士英@AXiao Shiying@4著
801  0 @aCN@b上海新华@c20191020
905    @b1098180-2@dA811.692@e348@f3
    
    马克思历史决定论内在融贯性研究= A study on the inherent consistency of marxundefineds historical determinism/肖士英著.-北京:中国社会科学出版社,2018
    504页;24cm
    国家社科基金后期资助项目
    
    ISBN 978-7-5203-3323-8:CNY129.00
    本书深入分析了马克思历史决定论相关的一系列理论问题,系统阐发了马克思历史决定论的基本规定,对决定论本质的阐释有助于丰富历史决定论的研究。
●
相关链接 在E读中查询图书 在五车中查询图书 在当当中查询图书 在豆瓣中查询图书


正题名:马克思历史决定论内在融贯性研究     索取号:A811.692/348         预约/预借

序号 登录号 条形码 馆藏地/架位号 状态 备注
1 1098180   210981801   第一样本阅览室/ [索取号:A811.692/348] 在馆    
2 1098181   210981810   第一借阅区/ [索取号:A811.692/348] 在馆    
3 1098182   210981829   第一借阅区/ [索取号:A811.692/348] 在馆    
唐山师范学院图书馆 欢迎您!
大连网信软件有限公司© 版权所有